00885 a2200181 4500003000500000005001700005040000900022082001900031100002600050245006000076260003000136300001100166505033200177650003500509942001200544999001900556952012800575Nust20221206095506.0 cNust a621.381542,DEV aDeVere, Chuck9104180 aStorage cathode-ray tubes and circuits /cChuck DeVere  aNew YorkbTektronixc1971 a122 p. aIntroduction (Page-1), Basic Principles of Direct-Viewing Storage Tubes (Page-3), Charging and Bistability (Page-11), Bistability in Multiple Targets and Dielectric Targets (Page-23), Simplified Bistable Storage Tubes (Page-29), Characteristics (Page-35), Transmission Storage Tubes (Page-55), Basic Storage Circuits (Page-67). aTelecommunication Engineering. 2ddccBK c182474d182474 00102ddc4070aMCSbMCScGENd2016-12-12o621.381542,DEVpMCS21207r2016-12-08w2016-12-12yBKzAlmirah No.34, Shelf No.5